| 000 | 00557pab a2200193 454500 | ||
|---|---|---|---|
| 008 | 180718b2008 xxu||||| |||| 00| 0 eng d | ||
| 100 | _aNierobisz, Annette | ||
| 245 | _aHuman rights commissions and public policy: the role of the Canadian human rights Commission in advancing sexual orientation | ||
| 260 | _c2008 | ||
| 300 | _ap.239-63. | ||
| 362 | _aJun | ||
| 650 | _aPublic policy | ||
| 650 | _aHuman rights | ||
| 700 | _aTheroux, Charles | ||
| 700 | _aSearl, Mark | ||
| 773 | _aCanadian Public Administration | ||
| 908 | _aN | ||
| 909 | _a79618 | ||
| 999 |
_c79618 _d79618 |
||